000 00742nam a2200217 a 4500
001 000027483
003 OSt
005 20250502073820.0
008 100226s1977 dr 000 0 spa d
040 _aDO-SdBNP
_bspa
_cBNPHU
082 _a354.728
_bG943s
110 1 _aRepública Dominicana.
_bOficina Nacional de Administración y Personal
_926398
245 1 0 _aGuía de servicios públicos.
260 _aSanto Domingo :
_bONAP,
_c1977.
300 _a436 p. ;
_c25 cm.
590 _aInventariado, 2020 / DG
650 4 _aServicios publicos
_zRepública Dominicana
_xDirectorios
_936100
710 1 _aRepública Dominicana.
_bOficina Nacional de Administración y Personal
_926398
910 _aInventariado, 2020 / DG
942 _2ddc
_cLBS1
999 _c26975
_d26975